[Event "SVK-ch op 06th corr"]
[Site "Slovakia"]
[Date "2002.??.??"]
[Round "?"]
[White "Beles, Ondrej"]
[Black "Podmanicky, Pavol"]
[Result "0-1"]
[WhiteElo "1545"]
[BlackElo "1600"]
[PlyCount "50"]
[EventDate "2002.12.15"]
[EventType "tourn (corr)"]
[EventRounds "8"]
[EventCountry "SVK"]
[SourceTitle "Corr 2008"]
[Source "ChessBase"]
[SourceDate "2008.06.24"]
[SourceVersion "1"]
[SourceVersionDate "2008.06.24"]
[SourceQuality "1"]

1. c4 e5 2. Nc3 Nf6 3. Nf3 Nc6 4. g3 d5 5. cxd5 Nxd5 6. Bg2 Be6 7. 0-0 Be7 8. d3 0-0 9. a3 Nxc3 10. bxc3 f6 11. Nd2 Qd7 12. a4 Rad8 13. Bb2 Kh8 14. Bc1 b6 15. Ne4 Na5 16. Ba3 Bb3 17. Qc1 c5 18. c4 Bxa4 19. Qe3 Nb3 20. Ra2 Bc6 21. Bb2 Nd4 22. Bc3 f5 23. Ng5 Bxg2 24. Kxg2 f4 25. Qxe5 Rf5 0-1

[Event "SVK-Cup12 sf2 corr"]
[Site "Slovakia"]
[Date "2000.??.??"]
[Round "12"]
[White "Beles, Ondrej"]
[Black "Magula, Rene"]
[Result "0-1"]
[WhiteElo "1891"]
[BlackElo "1983"]
[PlyCount "58"]
[EventDate "2000.07.01"]
[EventType "tourn (corr)"]
[EventRounds "12"]
[EventCountry "SVK"]
[SourceTitle "Corr 2002"]
[Source "ChessBase"]
[SourceDate "2002.05.23"]
[SourceVersion "1"]
[SourceVersionDate "2002.05.23"]
[SourceQuality "1"]

1. Nf3 c5 2. c4 Nf6 3. Nc3 Nc6 4. d4 cxd4 5. Nxd4 e5 6. Nb3 Bb4 7. Bd2 Bxc3 8. bxc3 d6 9. g3 Be6 10. c5 d5 11. Bg2 Ne4 12. Bxe4 dxe4 13. 0-0 Bc4 14. Re1 0-0 15. Be3 f5 16. Qd6 Qe8 17. Qd2 Rd8 18. Qc2 f4 19. gxf4 exf4 20. Bd4 Qh5 21. Kh1 e3 22. f3 Rf7 23. Rg1 Ne7 24. Rad1 Nf5 25. Rg4 Ng3+ 26. Kg2 Bxe2 27. hxg3 fxg3 28. Rxg3 Bxf3+ 29. Rxf3 Qxf3+ 0-1

[Event "SVK-chT2 4th Bs1 corr"]
[Site "Slovakia"]
[Date "2000.??.??"]
[Round "4"]
[White "Kral, Jozef"]
[Black "Beles, Ondrej"]
[Result "1-0"]
[WhiteElo "1969"]
[BlackElo "1779"]
[PlyCount "41"]
[EventDate "2000.03.15"]
[EventType "team (corr)"]
[EventRounds "10"]
[EventCountry "SVK"]
[SourceTitle "Corr 2002"]
[Source "ChessBase"]
[SourceDate "2002.05.23"]
[SourceVersion "1"]
[SourceVersionDate "2002.05.23"]
[SourceQuality "1"]

1. e4 c6 2. d4 d5 3. exd5 cxd5 4. Bd3 Nc6 5. c3 Nf6 6. Bf4 Bg4 7. Qb3 Qc8 8. Nd2 e6 9. Ngf3 Be7 10. 0-0 0-0 11. Ne5 Nxe5 12. Bxe5 Bh5 13. Rfe1 Nd7 14. Bf4 Re8 15. Rac1 Nf6 16. h3 b6 17. Bb5 Rf8 18. c4 Qb7 19. Qa4 Rad8 20. Bc6 Qc8 21. cxd5 1-0